| 000 -LEADER |
| fixed length control field |
00457cam a2200157 4500 |
| 020 ## - INTERNATIONAL STANDARD BOOK NUMBER |
| ISBN |
270990327X |
| 040 ## - CATALOGING SOURCE |
| Transcribing agency |
DLC |
| 082 00 - DEWEY DECIMAL CLASSIFICATION NUMBER |
| Classification number |
595 O.R.S 1974 A082 Or. |
| 100 1# - MAIN ENTRY--AUTHOR NAME |
| Personal name |
Roth, Maurice. |
| 245 10 - TITLE STATEMENT |
| Title |
Initiation à la morphologie, |
| Remainder of title |
la systématique et la biologie des insectes. |
| 260 ## - PUBLICATION, DISTRIBUTION, ETC. (IMPRINT) |
| Place of publication |
[Paris, |
| Name of publisher |
O.R.S.T.O.M., |
| Year of publication |
1974] |
| 300 ## - PHYSICAL DESCRIPTION |
| Number of Pages |
213, xliv p. |
| Other physical details |
illus. |
| Dimensions |
27 cm. |
| 490 1# - SERIES STATEMENT |
| Series statement |
Initiations, documentations techniques, |
| 650 #0 - SUBJECT ADDED ENTRY--TOPICAL TERM |
| Topical Term |
Insects. |
| 942 ## - ADDED ENTRY ELEMENTS (KOHA) |
| Koha item type |
សៀវភៅភាសាអង់គ្លេស |
| 952 ## - LOCATION AND ITEM INFORMATION (KOHA) |
| Withdrawn status [LOCAL, KOHA] |
0 |